Responses for Show #3009 - Thursday, October 2, 1997

Contestants

[<< previous game]

Ronda Barker, a customer service supervisor from Springfield, Illinois

Chad Pridgen, a high school science teacher from Camarillo, California

Jason Russell, a history student from Cleveland, Tennessee (whose 2-day cash winnings total $16,799)

[next game >>]

Jeopardy! Round responses

HISTORY'S MYSTERIES
NEW JERSEY BUSINESS & INDUSTRY
STUPID ANSWERS
SAY "WH"?
TV STARS ON FILM
THAT'S A WRAP!
    $100 1
Loch Ness

Ronda
    $100 18
Stamps

Chad
    $100 16
"Whoa!"

Ronda
    $100 3
Ron Howard

Jason
    $100 11
Mummies

Jason
    $500 2
(Alex: Patrick Duffy was The Man From Atlantis; famous television series.)

Atlantis

Ronda
    $200 29
[The end-of-round signal sounds.]

Prudential

Chad
    $200 19
FOX

Jason
    $200 17
(Ronda: What are who, when, where, why & how?)

Who, what, when, where & why

ChadRonda
    $200 7
Roseanne

Ronda
    $200 12
(Chad: What is huevos rancheros?)

a (breakfast) burrito

Chad
Triple Stumper
    $300 4
Nostradamus

Jason
    $300 28
Acuvue

Chad
    $300 20
"O, Canada"

Chad
    $300 23
(Alex: That should have been in the STUPID ANSWERS category if you ask me!)

Whippoorwill

Ronda
    $300 8
Merv Griffin

Jason
    $300 13
Sari

Jason
    $400 5
The Bermuda Triangle

Jason
    $400 27
Atlantic & Pacific

Ronda
    $400 21
Spain

Jason
    $400 24
(Alex: Less than a minute to go.)

whirlpool

Chad
    $400 9
Matthew Perry

Chad
    $400 14
Reynolds

Jason
    $500 6
Marie Celeste

Triple Stumper
    $500 26
(Chad: What is Gillette?)

Schick

Chad
Triple Stumper
    $500 22
(Alex: You guys were great in that category, no misses!)

Wisconsin

Jason
    $500 25
Wheelies

Chad
    $500 10
Ricki Lake

Chad
    $500 15
Swaddling clothes

Jason

Scores at the first commercial break (after clue 13):

Jason Chad Ronda
$1,500 $700 $800

Scores at the end of the Jeopardy! Round:

Jason Chad Ronda
$3,500 $2,200 $1,400

Double Jeopardy! Round responses

NOVELIST-PLAYWRIGHTS
BOTANICAL MEDICINES
MEDIEVAL WOMEN
BRITISH TRAVEL & TOURISM
POP ICONS
HOMOPHONIC PAIRS
    $200 1
Catch-22

Ronda
    $200 8
Garlic

Chad
    $200 16
Gynecology

Jason
    $200 25
(Alex: A minute to go.)

the Thames

Jason
    $200 21
Michael Jackson

Ronda
    $200 3
Fair fare

Ronda
    $400 2
Vladimir Nabokov

Jason
    $400 9
Cranberry

Ronda
    $400 17
Eleanor of Aquitaine

Ronda
    $400 26
Anne Hathaway

Triple Stumper
    $400 22
Mel Torme

Ronda
    $400 4
Weak week

Chad
    $600 11
Somerset Maugham

Jason
    $600 10
Motion sickness

Jason
    $600 18
Buddhism

Chad
    $600 27
Beatrix Potter

Ronda
    $2,000 23
Anne Murray ("Could I Have This Dance")

Ronda
    $600 5
Mince mints

Chad
    $800 12
(Ronda: Who is Cartwright?)
...
(Alex: The Cartwrights were on Bonanza.)

Barbara Cartland

Ronda
Triple Stumper
    $800 14
Mushroom

Ronda
    $800 19
Heloise

Jason
    $1,000 28
(Ronda: Who is, I don't know--the Archbishop of Canterbury?)

Thomas à Becket

Ronda
    $800 24
Tina Turner

Jason
    $800 6
Cymbal symbol

Chad
    $1000 13
Edna Ferber

Ronda
    $1000 15
Ginkgo

Chad
    $1000 20
Beatrice

Jason
    $1000 29
(Chad: Who is Selena?)
[The end-of-round signal sounds.]

Linda Ronstadt

Chad
Triple Stumper
    $1000 7
Blew blue

Chad

Scores at the end of the Double Jeopardy! Round:

Jason Chad Ronda
$8,100 $5,800 $5,800

[wagering suggestions for these scores]

Final Jeopardy! Round responses

WORLD GEOGRAPHY
[Chad's response was revealed first.]
...
(Alex: The key word in the clue was "between", which should have gotten you to the right response.)
ChadWhat is Munich?
$5,800
RondaWhat is Tokyo?
$0
JasonWhat is (Geneva) Bern
$3,501
Interlaken, Switzerland

Final scores:

Jason Chad Ronda
$4,599 $0 $5,800
2nd place: Trip to Doubletree Guest Suites, New York City 3rd place: Meade Model 395 Telescope New champion: $5,800

Game dynamics:

Coryat scores:

Jason Chad Ronda
$8,100 $5,800 $5,100
19 R,
0 W
16 R,
3 W
16 R
(including 2 DDs),
3 W
(including 1 DD)

Combined Coryat: $19,000

[game clues] [game scores] [suggest correction]

Game tape date: Unknown
The J! Archive is created by fans, for fans. Scraping, republication, monetization, and malicious use prohibited; this site may use cookies and collect identifying information. See terms. The Jeopardy! game show and all elements thereof, including but not limited to copyright and trademark thereto, are the property of Jeopardy Productions, Inc. and are protected under law. This website is not affiliated with, sponsored by, or operated by Jeopardy Productions, Inc. Join the discussion at JBoard.tv.